[Event "Cto Aragon Equipos Pref Gr I "]
[Site "Aragon"]
[Date "2018.02.17"]
[Round "4.38"]
[White "Monter Solans, Juan"]
[Black "Sarto Ramos, Angel"]
[Result "1/2-1/2"]
[WhiteElo "1794"]
[BlackElo "1937"]
[PlyCount "165"]
[EventDate "2018.??.??"]
[EventType "tourn"]
[EventRounds "9"]
[EventCountry "ESP"]
[WhiteTeam "Monzon B"]
[BlackTeam "El Olivar C"]

1. e4 Nc6 2. Nf3 d6 3. Bb5 Bd7 4. d3 a6 5. Ba4 b5 6. Bb3 Na5 7. h3 e6 8. Bg5
Be7 9. Qd2 c5 10. c3 Nxb3 11. axb3 h6 12. Bxe7 Nxe7 13. Na3 O-O 14. Nc2 Bc6 15.
b4 a5 16. bxa5 Rxa5 17. Rxa5 Qxa5 18. O-O f5 19. Re1 Qa8 20. Qe3 fxe4 (20... e5
21. d4 c4 22. Nd2 Ng6 23. Nf1 Nf4 24. Ng3 g6 25. Rd1 Rf6 26. Ne1 h5 27. h4 Qa4
28. Rd2) 21. dxe4 e5 22. Nd2 Ng6 23. Nf1 Nf4 24. Ng3 g6 25. Rd1 Rf6 26. Ne1 h5
27. h4 Qa4 28. Rd2 Qc4 29. Nf3 Kg7 30. Ng5 b4 31. f3 bxc3 32. Qxc3 Bb5 33. Qxc4
Bxc4 34. Nf1 Ne2+ 35. Kf2 Nd4 36. Ne3 Bb3 37. Rd3 Rf8 38. Rd2 Rb8 39. Nh3 Be6
40. Ng5 Bg8 41. Nh3 Rb3 42. Ng1 Kf6 43. Ne2 Ke7 44. Nc3 Kd7 45. Ncd5 Be6 46.
Nc3 Kc6 47. Ned5 Bf7 48. Ne7+ Kb6 49. Nc8+ Kc7 50. Ne7 Be8 51. Ned5+ Kb7 52.
Nf6 Bc6 53. Nfd5 Nb5 54. Nxb5 Bxb5 55. Ne7 Be8 56. Ke2 Kc7 57. Nd5+ Kc6 58. Kd1
Bf7 59. Kc2 Rb7 60. Nc3 Rb4 61. Rf2 Bb3+ 62. Kc1 d5 63. exd5+ Bxd5 64. g3 Rd4
65. Kc2 Bc4 66. Rd2 Bd5 67. Nxd5 Kxd5 68. Re2 c4 69. Rf2 Rd3 70. b4 Rb3 71.
Rd2+ Ke6 72. f4 Rxg3 73. fxe5 Rb3 74. Rd6+ Kxe5 75. Rxg6 Rxb4 76. Rg5+ Kd4 77.
Rxh5 c3 78. Rh8 Rb2+ 79. Kc1 Rh2 80. h5 Kd3 81. Rd8+ Ke4 82. Rh8 Kd3 83. Rd8+
1/2-1/2

[Event "Cto Aragon Equipos Pref Gr I "]
[Site "Aragon"]
[Date "2018.02.17"]
[Round "4.39"]
[White "Labrador Postigo, Francisco M"]
[Black "Arrieta Restrepo, Steven"]
[Result "0-1"]
[WhiteElo "1901"]
[BlackElo "1687"]
[PlyCount "42"]
[EventDate "2018.??.??"]
[EventType "tourn"]
[EventRounds "9"]
[EventCountry "ESP"]
[WhiteTeam "El Olivar C"]
[BlackTeam "Monzon B"]

1. d4 Nf6 2. Bg5 e6 3. e4 Be7 4. Nd2 d5 5. e5 Nfd7 6. Bxe7 Qxe7 7. c3 c5 8.
Ngf3 Nc6 9. a3 O-O 10. Bd3 f6 11. exf6 Qxf6 12. O-O cxd4 13. Nxd4 Nxd4 14. cxd4
Qxd4 15. Qc2 h6 16. Nf3 Qf6 17. Rad1 Nb6 18. Rfe1 Bd7 19. Bh7+ Kh8 20. Ne5 Be8
21. Bg6 Rc8 0-1

[Event "Cto Aragon Equipos Pref Gr I "]
[Site "Aragon"]
[Date "2018.02.17"]
[Round "4.40"]
[White "Mendoza Barcia, Pedro"]
[Black "De La Riva Fernandez, Eduardo"]
[Result "1-0"]
[WhiteElo "1686"]
[BlackElo "1825"]
[PlyCount "49"]
[EventDate "2018.??.??"]
[EventType "tourn"]
[EventRounds "9"]
[EventCountry "ESP"]
[WhiteTeam "Monzon B"]
[BlackTeam "El Olivar C"]

1. e4 e6 2. d4 d5 3. Nc3 Nf6 4. e5 Nfd7 5. Nf3 c5 6. Bg5 Be7 7. Bxe7 Qxe7 8.
Nb5 O-O 9. Nc7 Nxe5 10. Nxa8 Nxf3+ 11. gxf3 cxd4 12. Qxd4 Nc6 13. Qd2 d4 14.
O-O-O e5 15. Rg1 Be6 16. a3 Rxa8 17. Bd3 Qf8 18. f4 f5 19. fxe5 Nxe5 20. Qe2
Qf6 21. Rge1 Nxd3+ 22. Qxd3 Rd8 23. Qb5 h6 24. Qe5 Qg5+ 25. f4 1-0

[Event "Cto Aragon Equipos Pref Gr I "]
[Site "Aragon"]
[Date "2018.02.17"]
[Round "4.41"]
[White "Miranda Herrera, Jorge Manuel"]
[Black "Cid Royo, Jonathan"]
[Result "1/2-1/2"]
[WhiteElo "1858"]
[BlackElo "2244"]
[PlyCount "64"]
[EventDate "2018.??.??"]
[EventType "tourn"]
[EventRounds "9"]
[EventCountry "ESP"]
[WhiteTeam "Monsalud-Soluzion"]
[BlackTeam "L'Aurora Estadilla"]

1. e4 c5 2. g3 d6 3. Bg2 g6 4. Ne2 Bg7 5. O-O e5 6. c3 Nc6 7. d3 Nge7 8. Be3
O-O 9. Nd2 Rb8 10. f4 b5 11. f5 f6 12. g4 b4 13. c4 g5 14. Ng3 Bd7 15. Nf3 Nd4
16. Kf2 Kf7 17. Qd2 h6 18. Kg1 Nec6 19. Bxd4 cxd4 20. Qc2 Qb6 21. Nd2 Na5 22.
b3 Nb7 23. Bf3 Nc5 24. Kg2 a5 25. Rh1 a4 26. Be2 Ra8 27. h4 axb3 28. axb3 Ra3
29. hxg5 hxg5 30. Ra2 Qa5 31. Rb2 Ra8 32. Qc1 Ra2 1/2-1/2

[Event "Cto Aragon Equipos Pref Gr I "]
[Site "Aragon"]
[Date "2018.02.17"]
[Round "4.42"]
[White "Cid Royo, Oscar"]
[Black "Miranda Garcia, Eduardo"]
[Result "1-0"]
[WhiteElo "2001"]
[BlackElo "1810"]
[PlyCount "83"]
[EventDate "2018.??.??"]
[EventType "tourn"]
[EventRounds "9"]
[EventCountry "ESP"]
[WhiteTeam "L'Aurora Estadilla"]
[BlackTeam "Monsalud-Soluzion"]

1. d4 d6 2. e4 Nf6 3. f3 g6 4. Be3 Bg7 5. Qd2 O-O 6. Bh6 e5 7. Bxg7 Kxg7 8. h4
Qe7 9. Ne2 d5 10. Nbc3 dxe4 11. O-O-O exf3 12. gxf3 Rd8 13. h5 Nxh5 14. Bh3
Bxh3 15. Rxh3 Nc6 16. d5 Nd4 17. Nxd4 exd4 18. Qxd4+ Qf6 19. Qf2 Qf4+ 20. Kb1
Nf6 21. Rh4 Qf5 22. Qd4 g5 23. Rg1 Kg6 24. Rf4 Qe6 25. dxe6 Rxd4 26. Rxd4 fxe6
27. Ne4 h6 28. Nxf6 Kxf6 29. Rd7 Rc8 30. Rh1 Kg6 31. Re7 h5 32. Rxe6+ Kf5 33.
Re7 h4 34. Kc1 b5 35. Rd7 a6 36. Kd2 c5 37. Ke3 Re8+ 38. Kf2 Re5 39. Re1 Rxe1
40. Kxe1 g4 41. fxg4+ Kxg4 42. Kf2 1-0

[Event "Cto Aragon Equipos Pref Gr I "]
[Site "Aragon"]
[Date "2018.02.17"]
[Round "4.43"]
[White "Soto Fidalgo, Guillermo"]
[Black "Pellicer Cemeli, Jose Luis"]
[Result "0-1"]
[WhiteElo "1809"]
[BlackElo "1969"]
[PlyCount "43"]
[EventDate "2018.??.??"]
[EventType "tourn"]
[EventRounds "9"]
[EventCountry "ESP"]
[WhiteTeam "Monsalud-Soluzion"]
[BlackTeam "L'Aurora Estadilla"]

1. d4 d5 2. c4 Nf6 3. cxd5 g6 4. Nf3 Nxd5 5. Nc3 Bg7 6. e4 Nxc3 7. bxc3 c5 8.
Be3 Nc6 9. Qd2 Qa5 10. Be2 Bg4 11. e5 Rd8 12. O-O cxd4 13. Nxd4 Nxd4 14. Bxd4
Rxd4 15. Bb5+ Bd7 16. Qxd4 Bxb5 17. Rfd1 O-O 18. Qc5 b6 19. Qd5 e6 20. Qd4 Ba4
21. Rd3 Bxe5 22. Qe4 0-1

[Event "Cto Aragon Equipos Pref Gr I "]
[Site "Aragon"]
[Date "2018.02.17"]
[Round "4.44"]
[White "Fuentes Espuna, Juan Antonio"]
[Black "Castera Montagud, Rafael"]
[Result "1/2-1/2"]
[WhiteElo "1958"]
[BlackElo "1689"]
[PlyCount "110"]
[EventDate "2018.??.??"]
[EventType "tourn"]
[EventRounds "9"]
[EventCountry "ESP"]
[WhiteTeam "L'Aurora Estadilla"]
[BlackTeam "Monsalud-Soluzion"]

1. d4 Nf6 2. c4 e5 3. dxe5 Ng4 4. Nf3 Bc5 5. e3 Nc6 6. a3 a5 7. Nc3 Ngxe5 8.
Be2 Nxf3+ 9. Bxf3 Ne5 10. Be2 d6 11. Ne4 Bb6 12. b3 O-O 13. O-O f5 14. Ng3 Qh4
15. Ra2 Ng4 16. Bxg4 fxg4 17. Rc2 Be6 18. Qe2 Rae8 19. b4 axb4 20. axb4 Qe7 21.
Bb2 c6 22. Rfc1 Bc7 23. b5 Bb6 24. Ba3 Bc7 25. Rd1 Rf6 26. Ne4 Rh6 27. Nxd6 Qh4
28. h3 Rd8 29. Rd4 Bxd6 30. Bxd6 Bf5 31. Rcd2 Ra8 32. Ra2 Rd8 33. Bg3 Qe7 34.
Rxd8+ Qxd8 35. hxg4 Bc8 36. f3 Re6 37. Kf2 cxb5 38. cxb5 Rb6 39. Rd2 Qe7 40.
Qd3 Kf7 41. Qxh7 Rxb5 42. Rc2 Bd7 43. Rc4 Rb2+ 44. Kg1 Qxe3+ 45. Kh2 Rxg2+ 46.
Kh3 Rxg3+ 47. Kxg3 Qg1+ 48. Kf4 Qd1 49. Qh5+ Kg8 50. Qe5 Bc6 51. Rxc6 Qd2+ 52.
Kg3 bxc6 53. Qe8+ Kh7 54. Qxc6 Qe1+ 55. Kf4 Qd2+ 1/2-1/2

[Event "Cto Aragon Equipos Pref Gr I "]
[Site "Aragon"]
[Date "2018.02.17"]
[Round "4.45"]
[White "Malo Guillen, Jose Luis"]
[Black "Gimeno Oteo, Marco Antonio"]
[Result "1-0"]
[WhiteElo "2113"]
[BlackElo "2104"]
[PlyCount "79"]
[EventDate "2018.??.??"]
[EventType "tourn"]
[EventRounds "9"]
[EventCountry "ESP"]
[WhiteTeam "Las Fuentes"]
[BlackTeam "San Jose"]

1. d4 Nf6 2. Nf3 g6 3. c4 Bg7 4. g3 O-O 5. Bg2 d6 6. O-O c6 7. Nc3 Qa5 8. e4
Qh5 9. e5 dxe5 10. Nxe5 Ng4 11. Nf3 Nf6 12. Ne5 Ng4 13. Nf3 Nf6 14. Ng5 Qxd1
15. Rxd1 h6 16. Nge4 Nxe4 17. Nxe4 Nd7 18. Be3 b6 19. Rab1 Ba6 20. c5 Rac8 21.
b4 Rfd8 22. a4 Bb7 23. b5 Ba8 24. Rbc1 f5 25. Nc3 e5 26. d5 cxd5 27. c6 d4 28.
Nd5 Nc5 29. Ne7+ Kf7 30. Nxc8 Rxc8 31. Bd2 e4 32. Bb4 Nd3 33. Rxd3 exd3 34. Rd1
a5 35. Ba3 Re8 36. Bd5+ Kf6 37. Rxd3 Ke5 38. Bf3 Bf8 39. Bb2 Bc5 40. Re3+ 1-0

[Event "Cto Aragon Equipos Pref Gr I "]
[Site "Aragon"]
[Date "2018.02.17"]
[Round "4.47"]
[White "Alonso Blasco, Jose Miguel"]
[Black "Ferreruela Romero, Jose Joaquin"]
[Result "0-1"]
[WhiteElo "1949"]
[BlackElo "2021"]
[PlyCount "102"]
[EventDate "2018.??.??"]
[EventType "tourn"]
[EventRounds "9"]
[EventCountry "ESP"]
[WhiteTeam "Las Fuentes"]
[BlackTeam "San Jose"]

1. e4 d6 2. d4 Nf6 3. Nc3 Nbd7 4. Nf3 e5 5. Bc4 Be7 6. Be3 c6 7. a4 b6 8. Qe2
O-O 9. Rd1 Qc7 10. O-O a6 11. d5 b5 12. dxc6 bxc4 13. cxd7 Bxd7 14. Bc1 Rfc8
15. Rfe1 Rab8 16. Nd2 Rb4 17. Nf1 Qb7 18. Ne3 Be6 19. Ned5 Nxd5 20. exd5 Bd7
21. f4 f6 22. fxe5 fxe5 23. Kh1 Qc7 24. Rf1 Rbb8 25. Qh5 Be8 26. Qg4 Qd7 27.
Qe6+ Kh8 28. Rf2 Rd8 29. Rdf1 Bg6 30. Qxd7 Rxd7 31. Re1 Kg8 32. Ne4 h6 33. c3
Rdd8 34. g3 Rf8 35. Kg2 Rxf2+ 36. Kxf2 Be8 37. a5 Bf7 38. Rd1 Rf8 39. Ke3 Bh5
40. Rg1 Rf3+ 41. Kd2 Bg6 42. Re1 Bxe4 43. Rxe4 Rf2+ 44. Kd1 Rxh2 45. Rxc4 Rg2
46. Rg4 Kf7 47. b4 h5 48. Rc4 Rxg3 49. Rc7 h4 50. b5 h3 51. b6 h2 0-1

[Event "Cto Aragon Equipos Pref Gr I "]
[Site "Aragon"]
[Date "2018.02.17"]
[Round "4.48"]
[White "Palomar Ramon, Santiago"]
[Black "Morato Garcia, Jesus"]
[Result "1-0"]
[WhiteElo "1914"]
[BlackElo "1914"]
[PlyCount "71"]
[EventDate "2018.??.??"]
[EventType "tourn"]
[EventRounds "9"]
[EventCountry "ESP"]
[WhiteTeam "San Jose"]
[BlackTeam "Las Fuentes"]

1. e4 c5 2. Nf3 g6 3. c3 Bg7 4. d4 cxd4 5. cxd4 Nc6 6. Nc3 d6 7. Be3 Nf6 8. d5
Nb8 9. Qd2 O-O 10. Bh6 a6 11. Bd3 Nbd7 12. Rc1 b5 13. Bb1 Bb7 14. O-O Rc8 15.
Ne2 Nc5 16. Ng3 a5 17. Nh4 e6 18. Bxg7 Kxg7 19. Qg5 Kh8 20. dxe6 Nxe6 21. Qxb5
Rxc1 22. Rxc1 Bxe4 23. Bxe4 Nxe4 24. Nxe4 Qxh4 25. Nxd6 Qf4 26. Rd1 Nd4 27. Qc5
Ne6 28. Qxa5 h5 29. g3 Qg4 30. Qd2 Kh7 31. h4 f5 32. Re1 f4 33. Ne4 f3 34. Ng5+
Kg8 35. Rxe6 Qf5 36. Qd7 1-0

[Event "Cto Aragon Equipos Pref Gr II"]
[Site "Aragon"]
[Date "2018.02.17"]
[Round "4.49"]
[White "Garcia Morales, Roberto"]
[Black "Lebron Duran, Jose Maria"]
[Result "1-0"]
[WhiteElo "2066"]
[BlackElo "1835"]
[PlyCount "85"]
[EventDate "2018.??.??"]
[EventType "tourn"]
[EventRounds "9"]
[EventCountry "ESP"]
[WhiteTeam "Agrupacion B"]
[BlackTeam "Dr. Azua"]

1. e4 e5 2. Nf3 Nc6 3. Bb5 a6 4. Ba4 Nf6 5. O-O Be7 6. d3 d6 7. Nbd2 O-O 8. c3
b5 9. Bc2 Ne8 10. a4 b4 11. d4 exd4 12. cxd4 Bg4 13. Qe1 g6 14. h3 Bd7 15. Nc4
Rb8 16. d5 Na7 17. Be3 c5 18. Bh6 Ng7 19. b3 Re8 20. Qd2 Nc8 21. g4 Nb6 22. Ne3
Qc8 23. Rad1 Bf6 24. Bf4 Qc7 25. Qd3 a5 26. Nd2 Be5 27. Bh6 Bf6 28. Nec4 Bd4
29. Qf3 Nc8 30. Qf4 Qd8 31. Nf3 Bc3 32. Bd3 Qe7 33. Nxa5 Be5 34. Nxe5 dxe5 35.
Qg3 Nd6 36. Nc4 f6 37. f4 Nf7 38. fxe5 Nxe5 39. Bf4 Rb7 40. Nxe5 fxe5 41. Be3
Qd6 42. Qf2 Bc8 43. Bxc5 1-0

[Event "Cto Aragon Equipos Pref Gr II"]
[Site "Aragon"]
[Date "2018.02.17"]
[Round "4.50"]
[White "Casas Castillero, Jose Antonio"]
[Black "Montes Santos, Lorenzo"]
[Result "0-1"]
[WhiteElo "1775"]
[BlackElo "2058"]
[PlyCount "48"]
[EventDate "2018.??.??"]
[EventType "tourn"]
[EventRounds "9"]
[EventCountry "ESP"]
[WhiteTeam "Dr. Azua"]
[BlackTeam "Agrupacion B"]

1. d4 Nf6 2. c4 c5 3. Nf3 g6 4. Nc3 Bg7 5. Bf4 O-O 6. e4 d6 7. dxc5 Qa5 8. Qd2
Qxc5 9. Bh6 Bxh6 10. Qxh6 Qxf2+ 11. Kxf2 Ng4+ 12. Ke1 Nxh6 13. e5 dxe5 14. Nxe5
f6 15. Nf3 Nc6 16. h3 Nf5 17. Kf2 e5 18. Ne4 Kg7 19. g4 Nfd4 20. Nd6 f5 21.
Nxd4 Nxd4 22. gxf5 Nxf5 23. Nxc8 Raxc8 24. Bd3 Nd6+ 0-1

[Event "Cto Aragon Equipos Pref Gr II"]
[Site "Aragon"]
[Date "2018.02.17"]
[Round "4.51"]
[White "Carruez Berges, Santiago"]
[Black "Garcia Garcia, Enrique"]
[Result "1-0"]
[WhiteElo "2026"]
[BlackElo "1726"]
[PlyCount "57"]
[EventDate "2018.??.??"]
[EventType "tourn"]
[EventRounds "9"]
[EventCountry "ESP"]
[WhiteTeam "Agrupacion B"]
[BlackTeam "Dr. Azua"]

1. e4 c5 2. d4 cxd4 3. c3 d5 4. exd5 Qxd5 5. cxd4 Nc6 6. Nf3 e6 7. Nc3 Qd8 8.
Bd3 Nf6 9. O-O Be7 10. Bg5 O-O 11. Rc1 h6 12. Be3 Nb4 13. Bb1 Nbd5 14. Ne5 Qb6
15. Qd2 Rd8 16. Qc2 Nxe3 17. fxe3 Rxd4 18. Ng6 fxg6 19. exd4 Qxd4+ 20. Kh1 Ng4
21. Nb5 Qe5 22. Qc7 Bd7 23. Qxe5 Nxe5 24. Nd4 Bd6 25. Be4 Rb8 26. Nf3 g5 27.
Rfd1 Nf7 28. Bg6 Bf4 29. Bxf7+ 1-0

[Event "Cto Aragon Equipos Pref Gr II"]
[Site "Aragon"]
[Date "2018.02.17"]
[Round "4.52"]
[White "Muro Guerrero, Miguel"]
[Black "Martinez Asensio, Juan Miguel"]
[Result "1/2-1/2"]
[WhiteElo "1701"]
[BlackElo "2022"]
[PlyCount "69"]
[EventDate "2018.??.??"]
[EventType "tourn"]
[EventRounds "9"]
[EventCountry "ESP"]
[WhiteTeam "Dr. Azua"]
[BlackTeam "Agrupacion B"]

1. e4 c5 2. Nf3 g6 3. d4 cxd4 4. Nxd4 Nc6 5. c4 Nf6 6. Nc3 d6 7. Be2 Nxd4 8.
Qxd4 Bg7 9. O-O O-O 10. Qd3 Be6 11. Be3 Qa5 12. Nd5 Nxd5 13. cxd5 Bd7 14. Qb3
b5 15. Rac1 Rfc8 16. a3 a6 17. Qa2 Qd8 18. b3 Rxc1 19. Rxc1 Rc8 20. Bd3 Rxc1+
21. Bxc1 Qc8 22. Qc2 Qxc2 23. Bxc2 Bd4 24. Kf1 f5 25. f3 Kf7 26. Ke2 Kf6 27.
Kd3 Ba1 28. a4 bxa4 29. bxa4 fxe4+ 30. fxe4 Ke5 31. Kc4 e6 32. dxe6 Bxe6+ 33.
Kb4 Kd4 34. Bd2 Bc4 35. Be3+ 1/2-1/2

[Event "Cto Aragon Equipos Pref Gr II"]
[Site "Aragon"]
[Date "2018.02.17"]
[Round "4.53"]
[White "Gaspar Calvo, Luis Alberto"]
[Black "Sanchez Herrera, Miguel"]
[Result "0-1"]
[WhiteElo "1915"]
[BlackElo "2082"]
[PlyCount "108"]
[EventDate "2018.??.??"]
[EventType "tourn"]
[EventRounds "9"]
[EventCountry "ESP"]
[WhiteTeam "Marcos Frechin B"]
[BlackTeam "St Casablanca C"]

1. c4 c5 2. Nc3 Nf6 3. g3 Nc6 4. Bg2 e6 5. e4 Be7 6. Nge2 O-O 7. O-O b6 8. f4
Bb7 9. d3 d6 10. h3 a6 11. Be3 Qc7 12. g4 Nd7 13. f5 Nde5 14. fxe6 fxe6 15. Nf4
Qd7 16. a3 Rab8 17. Rb1 Bg5 18. Qe2 Rf7 19. Nh5 Nd4 20. Bxd4 cxd4 21. Rxf7 Qxf7
22. Rf1 Qe7 23. Nd1 Rf8 24. Rxf8+ Qxf8 25. b4 Bc6 26. Ng3 Bc1 27. Nb2 Qf4 28.
Nf1 Qf6 29. Nd1 Bxa3 30. Qa2 Bxb4 31. Qxa6 Qd8 32. Nf2 Be1 33. Qa3 Qf8 34. Nh1
Qf4 35. Qb3 Nd7 36. c5 Nxc5 37. Qxb6 Ba4 38. Qb1 Bc3 39. Nhg3 Bb3 40. Nh5 Qf7
41. Nh2 g6 42. Ng3 Qf4 43. Ngf1 e5 44. Bf3 Kg7 45. Bd1 Bf7 46. Be2 Ne6 47. Nf3
Qf6 48. h4 Nf4 49. Bd1 h6 50. Ng3 Qe6 51. Nh2 Be1 52. Nhf1 Qf6 53. Bb3 Bxg3 54.
Bxf7 Ne2+ 0-1

[Event "Cto Aragon Equipos Pref Gr II"]
[Site "Aragon"]
[Date "2018.02.17"]
[Round "4.54"]
[White "Rodes Apilluelo, Jose Maria"]
[Black "Ruiperez Gumiel, Ramon"]
[Result "0-1"]
[WhiteElo "1976"]
[BlackElo "1845"]
[PlyCount "52"]
[EventDate "2018.??.??"]
[EventType "tourn"]
[EventRounds "9"]
[EventCountry "ESP"]
[WhiteTeam "St Casablanca C"]
[BlackTeam "Marcos Frechin B"]

1. e4 c5 2. Nf3 e6 3. d3 a6 4. g3 Nc6 5. Bg2 d6 6. O-O Be7 7. Re1 e5 8. c3 g5
9. Rf1 h5 10. Ne1 Be6 11. f4 gxf4 12. gxf4 exf4 13. Bxf4 h4 14. h3 Qd7 15. Kh2
Nf6 16. d4 cxd4 17. cxd4 d5 18. e5 Nh5 19. Qd2 Nxf4 20. Qxf4 O-O-O 21. a4 Rdg8
22. Nc3 Rg3 23. Nf3 Rhg8 24. Rf2 Bxh3 25. Bh1 Bf1 26. Ng1 Qh3+ 0-1

[Event "Cto Aragon Equipos Pref Gr II"]
[Site "Aragon"]
[Date "2018.02.17"]
[Round "4.55"]
[White "Obon Zuniga, Francisco"]
[Black "Vela Frago, Alberto"]
[Result "0-1"]
[WhiteElo "1796"]
[BlackElo "1808"]
[PlyCount "102"]
[EventDate "2018.??.??"]
[EventType "tourn"]
[EventRounds "9"]
[EventCountry "ESP"]
[WhiteTeam "Marcos Frechin B"]
[BlackTeam "St Casablanca C"]

1. d4 Nf6 2. c4 e6 3. Nf3 d5 4. Nc3 c6 5. Bg5 Be7 6. e3 O-O 7. Qc2 Nbd7 8. Rc1
h6 9. Bh4 Ne4 10. Bxe7 Qxe7 11. Bd3 f5 12. O-O g5 13. Ne5 Nxe5 14. dxe5 Rd8 15.
Bxe4 dxe4 16. Rcd1 Bd7 17. Rd6 Be8 18. Rfd1 c5 19. Qd2 Rxd6 20. exd6 Qd7 21. f3
Bh5 22. g4 Bf7 23. fxe4 fxg4 24. e5 Bg6 25. Rf1 Rf8 26. Rxf8+ Kxf8 27. Qf2+ Qf7
28. Qd2 Qd7 29. a3 a6 30. b4 cxb4 31. axb4 Ke8 32. Qg2 Bd3 33. c5 h5 34. Ne4
Qa4 35. Nf6+ Kd8 36. h4 Qa1+ 37. Kf2 gxh4 38. Nxh5 g3+ 39. Nxg3 hxg3+ 40. Kxg3
Qxe5+ 41. Kf2 Qb2+ 42. Kg1 Qxg2+ 43. Kxg2 Kd7 44. Kf3 Kc6 45. Kf4 b6 46. Ke5
bxc5 47. Kxe6 Bf1 48. bxc5 Kxc5 49. e4 Bh3+ 50. Ke7 a5 51. e5 Kd5 0-1

[Event "Cto Aragon Equipos Pref Gr II"]
[Site "Aragon"]
[Date "2018.02.17"]
[Round "4.56"]
[White "Sanjulian Arruga, Pablo"]
[Black "Perez Tomas, Juan Manuel"]
[Result "1/2-1/2"]
[WhiteElo "1788"]
[BlackElo "1679"]
[PlyCount "89"]
[EventDate "2018.??.??"]
[EventType "tourn"]
[EventRounds "9"]
[EventCountry "ESP"]
[WhiteTeam "St Casablanca C"]
[BlackTeam "Marcos Frechin B"]

1. e4 c5 2. Nf3 Nc6 3. d4 cxd4 4. Nxd4 e5 5. Nb5 a6 6. Nd6+ Bxd6 7. Qxd6 Qf6 8.
Qxf6 Nxf6 9. Bd3 d5 10. exd5 Nxd5 11. a3 f5 12. O-O Be6 13. c4 Nf6 14. Nc3
O-O-O 15. Be2 Nd4 16. Be3 Nc2 17. Rad1 Nxe3 18. fxe3 e4 19. Na4 Kc7 20. Nc5 Bc8
21. b4 Rxd1 22. Rxd1 Rd8 23. Rxd8 Kxd8 24. Kf2 h5 25. h4 Ng4+ 26. Bxg4 hxg4 27.
g3 Ke7 28. Ke1 b6 29. Na4 b5 30. cxb5 axb5 31. Nc3 Bd7 32. Kd2 Kd6 33. Ne2 Ke5
34. Nd4 Kf6 35. Kc3 g5 36. hxg5+ Kxg5 37. Ne2 Kf6 38. Kd4 Ke6 39. Kc5 Ke5 40.
Nf4 Be8 41. Nd5 Ke6 42. Nc7+ Ke7 43. Nxe8 Kxe8 44. Kd4 Kf7 45. Ke5 1/2-1/2

[Event "Cto Aragon Equipos Pref Gr II"]
[Site "Aragon"]
[Date "2018.02.17"]
[Round "4.57"]
[White "Planas Torrea, Francisco Javier"]
[Black "Colom Sienes, Eduardo"]
[Result "1/2-1/2"]
[WhiteElo "2029"]
[BlackElo "2089"]
[PlyCount "86"]
[EventDate "2018.??.??"]
[EventType "tourn"]
[EventRounds "9"]
[EventCountry "ESP"]
[WhiteTeam "Ejea"]
[BlackTeam "Palacio de Pioneros B"]

1. d4 (1. e4 e6 2. d4 c5 3. c3 d5 4. exd5 Qxd5 5. Nf3 Nf6 6. Bb5+ Bd7 7. Bxd7+
Nbxd7 8. O-O cxd4 9. Qxd4 Qxd4 (9... Bc5 10. Qxd5 Nxd5 11. Nbd2 N7f6 12. Ng5
Bb6 13. Nde4 O-O 14. c4 Nxe4 15. Nxe4 Nb4 16. Bd2 Nd3 17. Bc3 f5 18. Nd6 e5 19.
Nxb7 e4 20. c5 Nxc5 21. Nxc5 Bxc5 22. Rfd1 Rad8 23. Kf1 f4 24. Rxd8 Rxd8 25.
Ke2 Rd3 26. Be5 g5 27. h4 Rd5 28. Bb8 h6 29. hxg5 hxg5 30. Rc1 e3 (30... a6 31.
Rc4 e3 32. fxe3 Bxe3 33. Rc2 Kf7 34. Kf3 Rd2 35. Rxd2 Bxd2 36. g3 fxg3 37. Bxg3
Ke6 38. Ke4 Bc1 39. b4 Ba3 40. Be1 Bxb4 41. Bxb4 Kd7 42. Kd3 (42. Ke5) (42. Kd5
Kc8 43. Kc6 Kb8 44. Kb6 a5 45. Bd6+ Ka8) 42... Kc8) 31. Rc3) 10. Nxd4) 1... d5
2. c4 e6 3. Nc3 Nf6 4. cxd5 exd5 5. Bg5 c6 6. e3 Be7 7. Qc2 O-O 8. Bd3 Nbd7 9.
Nge2 Re8 10. O-O Nf8 11. Rad1 Bg4 12. f3 Bd7 13. Ng3 h6 14. Bf4 Rc8 15. Nf5 Be6
16. Qf2 Bxf5 17. Bxf5 Ra8 18. e4 dxe4 19. fxe4 Bb4 20. e5 Nd5 21. Bxh6 gxh6 22.
Ne4 Be7 23. Qg3+ Kh8 24. Bh3 Bh4 25. Qf3 Nh7 26. Rd3 Ng5 27. Nxg5 Bxg5 28. Qxf7
Rf8 29. Qxb7 Be3+ 30. Rxe3 Rxf1+ 31. Kxf1 Nxe3+ 32. Ke2 Nd5 33. Bf5 Ne7 34. Bd7
Rb8 35. Qxa7 Rxb2+ 36. Ke3 Qb8 37. Qa3 Qb5 38. Qxe7 Qe2+ 39. Kf4 Qf1+ 40. Kg4
Rxg2+ 41. Kh5 Qf3+ 42. Kxh6 Qf4+ 43. Kh5 Rxh2+ 1/2-1/2

[Event "Cto Aragon Equipos Pref Gr II"]
[Site "Aragon"]
[Date "2018.02.17"]
[Round "4.58"]
[White "Zambrana Petisme, Ramiro"]
[Black "Planas Torrea, Alberto"]
[Result "1-0"]
[WhiteElo "2066"]
[BlackElo "1941"]
[PlyCount "43"]
[EventDate "2018.??.??"]
[EventType "tourn"]
[EventRounds "9"]
[EventCountry "ESP"]
[WhiteTeam "Palacio de Pioneros B"]
[BlackTeam "Ejea"]

1. e4 e5 2. Nf3 Nc6 3. Bc4 Nf6 4. Ng5 d5 5. exd5 Na5 6. Bb5+ c6 7. dxc6 bxc6 8.
Bd3 Bd6 9. Ne4 Nxe4 10. Bxe4 O-O 11. O-O f5 12. Bf3 e4 13. Be2 f4 14. f3 Bc5+
15. Kh1 Rf6 16. fxe4 Rh6 17. d4 Qh4 18. Bxf4 g5 19. Be5 g4 20. Qe1 (20. dxc5
Be6 21. Qe1 Qh5 22. Bf4 Rg6 23. Qxa5 Rf8 24. Qd2 g3 25. Bxh5 Rh6 26. Bf7+ Rxf7
27. Qd8+) 20... Qh5 21. Bf4 Rg6 22. dxc5 1-0

[Event "Cto Aragon Equipos Pref Gr II"]
[Site "Aragon"]
[Date "2018.02.17"]
[Round "4.59"]
[White "Marcellan Peire, Jesus Eduardo"]
[Black "Gomez Salinas, Nestor"]
[Result "0-1"]
[WhiteElo "1934"]
[BlackElo "1976"]
[PlyCount "2"]
[EventDate "2018.??.??"]
[EventType "tourn"]
[EventRounds "9"]
[EventCountry "ESP"]
[WhiteTeam "Ejea"]
[BlackTeam "Palacio de Pioneros B"]

1. f4 (1. c4 Nf6 2. Nc3 g6 3. d4 Bg7 4. e4 d6 5. Nf3 O-O 6. Be2 Nc6 7. O-O e5
8. d5 Ne7 9. Ne1 Nd7 10. Be3 f5 11. f3 h6 12. b4 g5 13. c5 a6 14. a4 fxe4 15.
fxe4 Rxf1+ 16. Bxf1 Ng6 17. Rc1 Nf6 18. Be2 Nf4 19. Qc2 Nxe2+ 20. Qxe2 Ng4 21.
Nd3 Nxe3 22. Qxe3 Bg4 23. Nb2 Bf8 24. Nc4 Rb8 25. a5 Be7 26. h3 Bh5 27. Rf1 Bg6
28. Ne2 Qd7 29. Nc3 Rf8 30. Rxf8+ Bxf8 31. g4 Be7 32. Kg2 Qd8 33. Na4 Qf8 34.
cxd6 Bxd6 35. Nxd6 cxd6 36. Nb6 Qd8 37. Qf3 Kg7 38. Kg3 Qc7 39. Qe3 Qc2 40. Qf2
Qxf2+ 41. Kxf2 Bxe4 42. Nc4 Bxd5 43. Nxd6 Kg6 44. b5 axb5 45. Nxb5 h5 46. gxh5+
Kxh5 47. Kg3 e4 48. Nd6 (48. Nd4 e3 49. Ne2 Bc4 50. Ng1 Bf1 51. Nf3 e2 52. Ne1
Kh6 53. Kg4 Kg6 54. h4 gxh4 55. Kxh4 Kf5 56. Kg3 Ke4 57. Kf2 Kd5 58. Nd3 Kc4
59. Nb2+ Kb5) 48... e3) 1... Nf6 0-1

[Event "Cto Aragon Equipos Pref Gr II"]
[Site "Aragon"]
[Date "2018.02.17"]
[Round "4.60"]
[White "Sacristan Latorre, Carlos"]
[Black "Merin Flores, Miguel Angel"]
[Result "1-0"]
[WhiteElo "1637"]
[BlackElo "1737"]
[PlyCount "20"]
[EventDate "2018.??.??"]
[EventType "tourn"]
[EventRounds "9"]
[EventCountry "ESP"]
[WhiteTeam "Palacio de Pioneros B"]
[BlackTeam "Ejea"]

1. e4 d6 2. d4 Nd7 3. Nf3 e5 4. c3 Ngf6 5. Bd3 Be7 6. h3 O-O 7. Be3 b6 8. Qd2
Bb7 9. d5 Nxe4 (9... Bxd5 10. exd5 e4 11. Be2 exf3 12. Bxf3 Ne5 13. Qe2 Qd7 14.
O-O Qf5 15. c4 Rae8 16. Nd2 Bd8 17. b4 Nxf3+ 18. Qxf3 Qxf3 19. Nxf3 Ne4 20.
Rfe1 f5 21. Rac1 Kf7 22. Nd4 g6 23. Ne6 Rg8 24. f3 Ng3 25. Kh2 Nh5 26. Bh6 Bh4
27. Re2 g5 28. g4 Ng3 29. Nxg5+ Bxg5 30. Rxe8 Rxe8 31. Bxg5 Ne2 32. Re1 fxg4
33. hxg4 Kg6 34. Bd8 Rxd8 35. Rxe2 Kf7 36. Kg3 Rg8 37. f4 Kf6 38. Re6+ Kf7 39.
g5 Re8 40. Kg4 Rg8 41. f5 Re8 42. Kh5 Rg8 43. Kh6 Rh8 44. f6 Re8 45. Rxe8 Kxe8
46. Kxh7) 10. Bxe4 f5 1-0